KOHA-Header-6

Business Correspondence and Report Writing (Record no. 2366)

000 -LEADER
fixed length control field 00309nam a2200121Ia 4500
008 - FIXED-LENGTH DATA ELEMENTS--GENERAL INFORMATION
fixed length control field 190802s9999 xx 000 0 und d
020 ## - INTERNATIONAL STANDARD BOOK NUMBER
International Standard Book Number 13:978-93-85965-05-0
100 ## - MAIN ENTRY--PERSONAL NAME
Personal name R C Sharma
245 #0 - TITLE STATEMENT
Title Business Correspondence and Report Writing
260 ## - PUBLICATION, DISTRIBUTION, ETC. (IMPRINT)
Place of publication, distribution, etc USA
Name of publisher, distributor, etc Pearson
Date of publication, distribution, etc 2017
300 ## - PHYSICAL DESCRIPTION
Extent 536:p
942 ## - ADDED ENTRY ELEMENTS (KOHA)
Koha item type Books
Holdings
Withdrawn status Lost status Source of classification or shelving scheme Damaged status Not for loan Collection code Permanent Location Current Location Shelving location Date acquired Full call number Barcode Date last seen Price effective from Koha item type
          Management MAJU MAJU   2019-08-03 651.75 8989 2019-08-03 2019-08-03 Management

Powered by Koha